| 000 | 00884cam a2200193 4500 | ||
|---|---|---|---|
| 008 | 000000n1999 000 0 eng u | ||
| 035 | _a(Sirsi) u102684 | ||
| 245 | _aCivils to lead global construction growth | ||
| 260 | _c1999 | ||
| 490 |
_aNew Civil Engineer _v 18 November 1999, 6(1) |
||
| 520 | _aUS economist Standard & Poor's report "Building New Markets" predicts that civil engineering work will lead global construction qrowth in the next decade. The report analyses construction investment in 58 countries and ranks them by opportunities available. For more information contact Claire Dancaster, tel: 020 8545 6279, or at claire_dancaster@standardand poors.com | ||
| 590 | _aWB | ||
| 650 | _aCIVIL ENGINEERING SECTOR | ||
| 650 | _aGROWTH | ||
| 650 | _aCONSTRUCTION MARKET | ||
| 650 | _aGLOBAL MARKET | ||
| 690 | _aBUILDING AND CONSTRUCTION-ECONOMICS | ||
| 942 | _n0 | ||
| 999 |
_c61674 _d61674 |
||